Pozemní stavitelství

Bibliographic Details
Main Author: Kostelková, Libuše (Author)
Format: Book
Language:Undetermined
PhysicalDescription:399 s.
Published: Praha Státní nakladatelství technické literatury 1982

MARC

LEADER 00000nam a2200000 a 4500
001 vtls001297457
003 SK-MaSNL
005 20260301004748.0
008 240318s1982 xx 0 und
035 |a SNK000249348 
040 |a SNK  |b slo  |c SNK  |e AACR2 
100 1 |a Kostelková, Libuše  |4 aut  |9 288041 
245 1 0 |a Pozemní stavitelství 
260 |a Praha  |b Státní nakladatelství technické literatury  |c 1982 
300 |a 399 s. 
958 |a OND 
999 |c 543174  |d 545104 
952 |a SNK  |b SNK  |y VYP  |7 0  |p 17A0536542  |o snkIC 87747  |i snkKIP 4826/82  |3 rekatalogizácia  |0 0  |1 0  |4 0  |d 2007-01-17  |l 0  |r 2026-02-23 12:46:31  |w 2026-02-23 
952 |t P60, <04>, [BOOK], {604}  |a SNK  |b SNK  |y VYP  |7 0  |p 17A0087034  |o snkIC 87747 D1  |0 0  |1 1  |4 0  |d 1997-07-30  |l 0  |r 2005-01-02 00:00:00  |w 2026-02-23